Tetovaná teta : písně nejen pro děti /

Hlavní autor: Janoušek, Slávek, 1953-
Další autoři: Fischerová, Daniela, 1948-, Hrzánová, Barbora, 1964-
Jazyk: Čeština
Vydáno: [Nížkovice] : Slávek Janoušek, Agentura JAN, 2016
Témata:
Fyzický popis: 1 CD audio ; 12 cm
Zvukové nahrávky
Uloženo v:
LEADER 02609njm a2200553 i 4500
001 001685763
003 CZ BrMZK
005 20190614135337.0
007 sd fungnnmmned
008 190530t20162016xr sgnng d n cze
015 |a cnb003064659 
024 3 |a 9771805083338 
028 0 1 |a JAN 011-2  |b Agentura JAN 
040 |a BOA001  |b cze  |e rda 
041 0 |d cze  |e cze 
072 7 |a 78.011.26  |x Populární hudba. Populární písně. Populární taneční hudba  |2 Konspekt  |9 9 
080 |a 784.4  |2 MRF 
080 |a 784.67  |2 MRF 
080 |a 82-1-053.2  |2 MRF 
080 |a 821.162.3-1  |2 MRF 
080 |a (0:82-192)  |2 MRF 
080 |a (086.76)  |2 MRF 
100 1 |a Janoušek, Slávek,  |d 1953-  |7 jn19990209294  |4 cmp  |4 itr  |4 sng 
245 1 0 |a Tetovaná teta :  |b písně nejen pro děti /  |c hudba: Slávek Janoušek ; texty: Daniela Fischerová 
264 1 |a [Nížkovice] :  |b Slávek Janoušek, Agentura JAN,  |c 2016 
264 4 |c ℗2016 
300 |a 1 CD audio ;  |c 12 cm 
336 |a hraná hudba  |b prm  |2 rdacontent 
337 |a audio  |b s  |2 rdamedia 
338 |a audiodisk  |b sd  |2 rdacarrier 
344 |a digital  |b optical  |2 rda 
347 |a audio soubor  |b CD audio  |2 rda 
500 |a Název z disku 
500 |a Texty písní v pouzdře 
505 2 0 |t Tetovaná teta a další divní příbuzní --  |t Zkratky --  |g Zkratky (píseň) --  |t Jeden děda čert --  |t Raraši --  |t Lesní jazykolam --  |g Lesní jazykolam (píseň) --  |t Včela --  |g Včela (píseň) --  |t Hlasy --  |g Hlasy (píseň) --  |t Hadí hádka --  |g Hadí hádka (píseň) --  |t Tele  |g (píseň) -- Tři říkadla o dešti --  |t Písmenková polévka --  |t Ropucha --  |g Ropucha (píseň) --  |t Vlkodlak --  |t Tuleni --  |g Tuleni (píseň) --  |t Poslíček přináší kaktus --  |t Pomsta --  |g Pomsta (píseň) --  |t Jak --  |t Strašidelná --  |g Strašidelná (píseň) --  |t Telefonní Emil --  |t Žvanilka --  |g Žvanilka (píseň) --  |t Velký úklid 
511 1 |a Slávek Janoušek, Bára Hrzánová a další 
518 |o Nahráno  |d 2016  |p studio Avian, DAMU a domácí studia 
650 0 7 |a folk  |7 ph119202  |2 czenas 
650 0 7 |a dětské písně  |7 ph119736  |2 czenas 
650 0 7 |a dětská poezie  |7 ph202218  |2 czenas 
655 7 |a česká poezie  |7 fd133958  |2 czenas 
655 7 |a zhudebněná poezie  |7 fd133869  |2 czenas 
655 7 |a kompaktní disky  |7 fd201991  |2 czenas 
700 1 |a Fischerová, Daniela,  |d 1948-  |7 jk01031301  |4 lyr 
700 1 |a Hrzánová, Barbora,  |d 1964-  |7 jn20000710054  |4 sng  |4 stl 
910 |a BOA001  |b CDR2-1427.732 
990 |a AV 
991 |b 201906 
996 6 |b 2610784488  |c CDR2-1427.732  |l MZK  |r Sklad / do 24 hodin  |n 1  |p p.v.  |w 001726193  |u 000010  |a 1  |e BOA001  |j MZK50  |s P